| 000 | 01153nam a2200385Ia 4500 | ||
|---|---|---|---|
| 003 | GCL | ||
| 008 | 140319s9999 xx 000 0 ara d | ||
| 020 | _a6648208977 | ||
| 040 |
_aGCL / _cGCL |
||
| 082 | 0 | 4 |
_a291 _bص ل |
| 100 | 1 | _aصادق عبد على الركابى | |
| 245 | 1 | 0 |
_aلمحات عن اديان العالم / _cصادق عبد على الركابى |
| 250 | _aالاولى | ||
| 260 |
_aالقاهرة : _bمكتبة مدبولى ، _c2007 |
||
| 300 |
_a444 ص ؛ _c24 سم |
||
| 650 | 0 | 4 | _aالاسلام |
| 650 | 0 | 4 | _aالتصوف |
| 650 | 0 | 4 | _aالبهائية |
| 650 | 0 | 4 | _aاليهودية |
| 650 | 0 | 4 | _aالديانات المقارنة |
| 650 | 0 | 4 | _aالفرق الاسلامية |
| 650 | 0 | 4 | _aالبوذية |
| 650 | 0 | 4 | _aالهندوسية |
| 650 | 0 | 4 | _aالالحاد والملحدون |
| 650 | 0 | 4 | _aالدروز |
| 650 | 0 | 4 | _aاليزيدية |
| 650 | 0 | 4 | _aالزرادشتية |
| 650 | 0 | 4 | _aالكونفوشية |
| 650 | 0 | 4 | _aالمسيحية |
| 650 | 0 | 4 | _aالقاديانية |
| 650 | 0 | 4 | _aالصابئة |
| 650 | 0 | 4 | _aالطاوية |
| 650 | 0 | 4 | _aالشنتويه |
| 942 |
_2ddc _cBK |
||
| 999 |
_c9498 _d9498 |
||